[Event "ICS Rated blitz match"]
[Site "204.178.125.65"]
[Date "1999.12.19"]
[Round "?"]
[White "Hossa"]
[Black "Christmas2000"]
[Result "1/2-1/2"]
[WhiteElo "2453"]
[BlackElo "2411"]
[PlyCount "78"]

1. e4 e6 2. d4 a6 3. Be3 d5 4. Nd2 dxe4 5. Nxe4 Bd7 6. Bd3 Bc6 7. Nf3 Nd7 8.
O-O Ngf6 9. Neg5 Bd6 10. Qe2 h6 11. Nh3 O-O 12. c4 Ng4 13. Bf4 e5 14. Nxe5
Ngxe5 15. Bxe5 Nxe5 16. dxe5 Bxe5 17. Qxe5 Qxd3 18. b3 Qe4 19. Qxe4 Bxe4 20.
Rad1 Rad8 21. Rfe1 Bc2 22. Rxd8 Rxd8 23. f3 Kf8 24. Nf4 Rd2 25. Nd5 c6 26. Nc3
b5 27. cxb5 cxb5 28. Re2 Rxe2 29. Nxe2 b4 30. Nd4 Bb1 31. Nc6 Bxa2 32. Nxb4
Bxb3 33. Nxa6 Ke7 34. Kf2 Kd6 35. Ke3 Bc4 36. Nb4 Kc5 37. Nc2 h5 38. h4 f6 39.
Nd4 g6 1/2-1/2

[Event "ICS rated blitz match"]
[Site "204.178.125.65"]
[Date "1999.12.19"]
[Round "?"]
[White "PostModernist"]
[Black "Hossa"]
[Result "1-0"]
[WhiteElo "2565"]
[BlackElo "2452"]
[PlyCount "115"]

1. d4 c5 2. d5 e5 3. c4 Nf6 4. Nc3 d6 5. e4 Be7 6. Nf3 O-O 7. Be2 Ne8 8. O-O f5
9. exf5 Bxf5 10. Nd2 Bg5 11. b3 Nd7 12. Re1 Nef6 13. Nf3 Bxc1 14. Qxc1 Qe8 15.
Nh4 Bg4 16. Bxg4 Nxg4 17. Qg5 Nh6 18. Ne4 Rf4 19. h3 Nf7 20. Qg3 Qe7 21. Nf3
Nf6 22. Nfd2 Rf8 23. Nxf6+ Qxf6 24. Ne4 Qf5 25. f3 a6 26. a4 b6 27. a5 Rb8 28.
axb6 Rxb6 29. Ra3 Kh8 30. Rea1 Qc8 31. Qf2 Kg8 32. Qa2 Qd8 33. Rxa6 Rb8 34. Qa5
Qf8 35. Ra8 Rxa8 36. Qxa8 Rh4 37. Qc6 Nd8 38. Qc8 Rh6 39. Ra8 Qe7 40. Qxd8+
Qxd8 41. Rxd8+ Kf7 42. Rxd6 Rxd6 43. Nxd6+ Ke7 44. Ne4 g6 45. Nxc5 h6 46. Kf2
h5 47. Ke3 Kd6 48. b4 g5 49. Ke4 h4 50. Kf5 Ke7 51. Kxe5 Kf7 52. d6 Ke8 53. Ke6
Kf8 54. d7 Kg7 55. d8=Q Kg6 56. Qf6+ Kh5 57. Ne4 g4 58. hxg4# 1-0

[Event "ICS rated blitz match"]
[Site "204.178.125.65"]
[Date "1999.12.19"]
[Round "?"]
[White "Hossa"]
[Black "PostModernist"]
[Result "0-1"]
[WhiteElo "2441"]
[BlackElo "2576"]
[PlyCount "95"]

1. d4 Nf6 2. c4 e6 3. Nf3 b6 4. g3 Bb7 5. Bg2 Be7 6. Nc3 Ne4 7. Nxe4 Bxe4 8.
O-O O-O 9. Bd2 Bf6 10. e3 c5 11. Bc3 Nc6 12. Qa4 Rc8 13. Rad1 cxd4 14. exd4 d5
15. Rfe1 Qc7 16. Re2 Rfd8 17. Ree1 Bxf3 18. Bxf3 dxc4 19. Re4 Qb7 20. Qc2 b5
21. Re2 Qa6 22. d5 Bxc3 23. bxc3 exd5 24. Bxd5 g6 25. Bxc6 Qxc6 26. Re7 a6 27.
Rd2 Qf6 28. Ree2 Rxd2 29. Qxd2 Rd8 30. Qe1 Kg7 31. Re4 Rd3 32. Re5 Qf3 33. Re3
Rd1 34. Rxf3 Rxe1+ 35. Kg2 Ra1 36. a4 Rxa4 37. Rf4 Ra3 38. Rf3 a5 39. g4 Rb3
40. h4 a4 41. h5 gxh5 42. gxh5 a3 43. h6+ Kg6 44. Rg3+ Kxh6 45. Rg8 Rxc3 46.
Rb8 a2 47. Ra8 Rc2 48. Kg3 0-1

[Event "ICS rated blitz match"]
[Site "204.178.125.65"]
[Date "1999.12.19"]
[Round "?"]
[White "Skeletor"]
[Black "Hossa"]
[Result "1-0"]
[WhiteElo "2554"]
[BlackElo "2431"]
[PlyCount "99"]

1. d4 Nf6 2. c4 e6 3. Nf3 b6 4. g3 Bb7 5. Bg2 Be7 6. O-O O-O 7. Nc3 Ne4 8. Qc2
Nxc3 9. Qxc3 c5 10. Rd1 cxd4 11. Qxd4 d6 12. h3 Nc6 13. Qg4 Qc7 14. Bh6 Bf6 15.
Bf4 Ne5 16. Bxe5 dxe5 17. e3 Rac8 18. Nd2 Bxg2 19. Kxg2 Rfd8 20. Kg1 Be7 21. b3
Rd7 22. Nf3 Rd6 23. a4 Rcd8 24. Rxd6 Qxd6 25. Qe4 f6 26. a5 bxa5 27. Rxa5 Qb6
28. Rb5 Qa6 29. Kg2 Bd6 30. Qb7 Qa3 31. Qc6 Qa1 32. Rb7 Qb2 33. Rd7 Rxd7 34.
Qxd7 Bf8 35. Qxe6+ Kh8 36. c5 h6 37. c6 Qc2 38. Qd7 Bd6 39. Qxd6 Kh7 40. c7 a5
41. Qd8 a4 42. bxa4 e4 43. Nd4 Qc3 44. c8=Q Qxc8 45. Qxc8 h5 46. Qf5+ Kg8 47.
Qg6 Kf8 48. Nf5 h4 49. Qxg7+ Ke8 50. Qe7# 1-0

[Event "ICS rated blitz match"]
[Site "204.178.125.65"]
[Date "1999.12.19"]
[Round "?"]
[White "Hossa"]
[Black "JenMan"]
[Result "1-0"]
[WhiteElo "2420"]
[BlackElo "2136"]
[PlyCount "85"]

1. d4 d5 2. c4 e6 3. Nc3 c6 4. Nf3 dxc4 5. a4 Bb4 6. e3 b5 7. Bd2 a5 8. axb5
Bxc3 9. Bxc3 cxb5 10. b3 Bb7 11. bxc4 b4 12. Bd2 Nf6 13. Bd3 O-O 14. Qc2 Qc7
15. e4 h6 16. O-O Nbd7 17. Rfe1 e5 18. d5 Nc5 19. Bf1 Ba6 20. Rab1 Rfb8 21. Bc1
Bc8 22. Qb2 Nfd7 23. Bd2 f6 24. Nh4 Nf8 25. g3 Na6 26. Ra1 Bd7 27. Rec1 Nc5 28.
Qb1 Be8 29. Nf5 Qb6 30. Ra2 a4 31. Rb2 b3 32. Be3 Nfd7 33. Ne7+ Kf7 34. Nc6 a3
35. Rd2 Rb7 36. Re1 Kf8 37. Rdd1 Nb8 38. Bxc5+ Qxc5 39. Nd8 Re7 40. d6 Nc6 41.
dxe7+ Kxe7 42. Nxc6+ Bxc6 43. Qxb3 1-0

[Event "ICS rated blitz match"]
[Site "204.178.125.65"]
[Date "1999.12.19"]
[Round "?"]
[White "PackMaster"]
[Black "Hossa"]
[Result "1-0"]
[WhiteElo "2447"]
[BlackElo "2425"]
[PlyCount "161"]

1. d4 Nf6 2. c4 e6 3. Nc3 Bb4 4. Qc2 O-O 5. a3 Bxc3+ 6. Qxc3 b6 7. Bg5 c5 8.
dxc5 bxc5 9. e3 Nc6 10. Bd3 Rb8 11. Ne2 Qb6 12. Rb1 Ng4 13. Be4 f5 14. Bf3 d6
15. Rd1 Qc7 16. Bf4 e5 17. Bg3 Be6 18. O-O Na5 19. Bd5 Bxd5 20. Rxd5 Nf6 21.
Rd3 Qb6 22. Rb1 Qa6 23. Rc1 Ne4 24. Qc2 Rb7 25. f3 Nxg3 26. Nxg3 g6 27. Rd5 Qb6
28. Qc3 Qxb2 29. Rxd6 f4 30. Qxb2 Rxb2 31. exf4 exf4 32. Ne4 Nb3 33. Rcd1 Na5
34. Rd8 Rb8 35. R8d7 Nxc4 36. Rxa7 Ne3 37. Rdd7 Rb1+ 38. Kf2 Rb2+ 39. Nd2 Rc8
40. Kg1 Nf5 41. h3 Rf8 42. Ne4 c4 43. Rxh7 Rb1+ 44. Kh2 Rc1 45. Rhc7 Rc2 46.
Nd6 Rd8 47. Nxf5 gxf5 48. Ra5 Re8 49. Rxf5 Ree2 50. Rg5+ Kh8 51. Rf7 c3 52.
Rxf4 Re7 53. Rh4+ Rh7 54. Rxh7+ Kxh7 55. Rc5 Kg7 56. h4 Kf6 57. h5 Rc1 58. g4
Ke6 59. h6 Rc2+ 60. Kg3 Rc1 61. Rc8 c2 62. Kg2 Rd1 63. h7 Rd2+ 64. Kg3 c1=Q 65.
Rxc1 Rd8 66. g5 Kf7 67. Rc7+ Kg6 68. f4 Kf5 69. Rc6 Rd3+ 70. Kh4 Rd1 71. g6
Rh1+ 72. Kg3 Ke4 73. g7 Rg1+ 74. Kf2 Rxg7 75. h8=Q Kd5 76. Qh1+ Kd4 77. Rd6+
Kc4 78. Qc1+ Kb3 79. Rd3+ Ka4 80. Qc6+ Ka5 81. Rd5# 1-0

[Event "ICS rated blitz match"]
[Site "204.178.125.65"]
[Date "1999.12.19"]
[Round "?"]
[White "Hossa"]
[Black "PackMaster"]
[Result "0-1"]
[WhiteElo "2410"]
[BlackElo "2462"]
[PlyCount "122"]

1. d4 Nf6 2. c4 g6 3. Nc3 Bg7 4. e4 d6 5. f3 O-O 6. Be3 Nc6 7. Nge2 a6 8. Qd2
Rb8 9. Bh6 Bxh6 10. Qxh6 e5 11. O-O-O b5 12. dxe5 Nxe5 13. cxb5 axb5 14. Rg1 b4
15. Nb1 Ra8 16. a3 bxa3 17. bxa3 Nc4 18. Rd3 c6 19. Rc3 Ne5 20. g4 Ba6 21. g5
Nfd7 22. Nd4 Qb6 23. Bxa6 Rfb8 24. Bb5 Qxd4 25. Rd1 Qb6 26. Rb3 Qc5+ 27. Rc3
Qxb5 28. Kd2 Nc4+ 29. Ke1 Qa5 30. Kf2 Rb2+ 31. Kg3 Rxb1 32. Rxb1 Qxc3 33. Qh3
Rxa3 34. Qg4 Nde5 35. Qf4 Nxf3 36. Rb8+ Kg7 37. Qf6+ Qxf6 38. gxf6+ Kxf6 39.
Kg2 Nh4+ 40. Kf2 Rf3+ 41. Ke1 Re3+ 42. Kf2 Rxe4 43. Rf8 Rg4 44. Ke2 Rg2+ 45.
Kd3 Ne5+ 46. Kc3 Rxh2 47. Rd8 Nf5 48. Re8 h5 49. Rb8 d5 50. Rc8 d4+ 51. Kb3 d3
52. Rd8 Ne3 53. Kc3 c5 54. Rd6+ Ke7 55. Rxd3 Rc2+ 56. Kb3 c4+ 57. Ka4 cxd3 58.
Kb4 d2 59. Kb3 d1=Q 60. Ka3 Qb1 61. Ka4 Ra2# 0-1

[Event "ICS rated blitz match"]
[Site "204.178.125.65"]
[Date "1999.12.19"]
[Round "?"]
[White "Amateur"]
[Black "Hossa"]
[Result "1-0"]
[WhiteElo "2516"]
[BlackElo "2396"]
[PlyCount "151"]

1. e4 e5 2. Nf3 Nf6 3. d4 Nxe4 4. Bd3 d5 5. Nxe5 Nd7 6. Nxd7 Bxd7 7. O-O Qh4 8.
g3 Qf6 9. Nc3 Qxd4 10. Nxe4 dxe4 11. Bxe4 Qxd1 12. Rxd1 O-O-O 13. Be3 Be7 14.
Bd4 Bf8 15. Rd3 c5 16. Bc3 f5 17. Bd5 Kc7 18. Be5+ Bd6 19. Bxg7 Rhe8 20. Bxb7
Bb5 21. Rb3 Ba4 22. Ra3 Bxc2 23. Bf3 Kb6 24. Bc3 Rd7 25. Rc1 Be4 26. Bh5 Re6
27. b4 Bd5 28. bxc5+ Bxc5 29. Ra5 Be4 30. a3 Bd3 31. Bf3 Be7 32. h3 Rg6 33. Re5
Bg5 34. Ba5+ Ka6 35. Rc7 Rxc7 36. Bxc7 Bb5 37. Rxf5 h6 38. Re5 Bc6 39. Be2+ Kb7
40. Ba5 Rg7 41. Bg4 Bf6 42. Re6 Rf7 43. Bh5 Rf8 44. Bb4 Bd7 45. Bf3+ Kc8 46.
Ra6 Be7 47. Bxe7 Rxf3 48. Rxh6 Rc3 49. h4 Rc1+ 50. Kh2 Bc6 51. g4 Kb7 52. g5
Ka6 53. f4 Ka5 54. f5 Ka4 55. h5 a5 56. f6 Rf1 57. g6 Rh1+ 58. Kg3 Rg1+ 59. Kf2
Rg2+ 60. Ke3 Rg3+ 61. Kf4 Rf3+ 62. Kg4 Rxf6 63. Bxf6 Be4 64. g7 Bd5 65. Be7 Kb5
66. Kf5 Bf7 67. Rh8 Bc4 68. Rb8+ Ka6 69. h6 a4 70. Ke5 Ka7 71. Bd6 Bb3 72. h7
Ka6 73. h8=Q Bg8 74. Qxg8 Ka7 75. Qd5 Ka6 76. Qa8# 1-0

[Event "ICS rated bullet match"]
[Site "204.178.125.65"]
[Date "1999.12.19"]
[Round "?"]
[White "Andryusha"]
[Black "Hossa"]
[Result "1/2-1/2"]
[WhiteElo "2141"]
[BlackElo "2526"]
[PlyCount "37"]

1. e4 e5 2. Nf3 Nf6 3. Nxe5 d6 4. Nf3 Nxe4 5. d3 Nf6 6. d4 d5 7. Bd3 Bd6 8. O-O
O-O 9. Bg5 Re8 10. Nbd2 Nc6 11. c3 h6 12. Bh4 Re6 13. Qc2 Qe7 14. Bh7+ Kh8 15.
Bf5 Re2 16. Bd3 Re6 17. Bf5 Re2 18. Bd3 Re6 19. Bf5 1/2-1/2

[Event "ICS rated bullet match"]
[Site "204.178.125.65"]
[Date "1999.12.19"]
[Round "?"]
[White "Hossa"]
[Black "evbad"]
[Result "1-0"]
[WhiteElo "2513"]
[BlackElo "2152"]
[PlyCount "61"]

1. d4 Nf6 2. c4 g6 3. Nc3 Bg7 4. e4 O-O 5. f3 d6 6. Be3 Nbd7 7. g4 c5 8. g5 Nh5
9. Nge2 cxd4 10. Nxd4 a6 11. Bg2 Qa5 12. O-O Ne5 13. Nd5 Re8 14. Nb3 Qd8 15.
Bb6 Qd7 16. Nc7 Nxc4 17. Nxa8 Qc6 18. Rc1 Be6 19. Na5 Qb5 20. Nxc4 Bxc4 21.
Rxc4 Qxc4 22. Nc7 Qc6 23. Nxe8 Qxb6+ 24. Kh1 Bd4 25. Qc2 Qd8 26. Nc7 e5 27. Nd5
Qxg5 28. Qc8+ Kg7 29. Bh3 Ng3+ 30. hxg3 Qxg3 31. Qg4 1-0

[Event "ICS rated bullet match"]
[Site "204.178.125.65"]
[Date "1999.12.19"]
[Round "?"]
[White "evbad"]
[Black "Hossa"]
[Result "0-1"]
[WhiteElo "2148"]
[BlackElo "2517"]
[PlyCount "76"]

1. e4 e5 2. Nf3 Nf6 3. Nxe5 d6 4. Nf3 Nxe4 5. Nc3 Nf6 6. d4 Nbd7 7. Bd3 Be7 8.
Be3 O-O 9. h3 Re8 10. Qd2 d5 11. a3 c5 12. O-O-O c4 13. Bf5 g6 14. Bxd7 Bxd7
15. Ne5 Bf5 16. g4 Be6 17. f3 Nd7 18. h4 f6 19. Nxd7 Qxd7 20. h5 g5 21. f4 Bxg4
22. Rdg1 Bf3 23. fxg5 f5 24. Rh2 Qe6 25. Bf4 Bd6 26. g6 Bxf4 27. Qxf4 Qe3+ 28.
Qxe3 Rxe3 29. Nb5 f4 30. Nd6 Rb8 31. Nf5 Re4 32. gxh7+ Kxh7 33. Rg7+ Kh8 34.
Rh3 Re1+ 35. Kd2 Re2+ 36. Kc3 Be4 37. Rg5 a5 38. b4 Rxc2# 0-1

[Event "ICS rated bullet match"]
[Site "204.178.125.65"]
[Date "1999.12.19"]
[Round "?"]
[White "Hossa"]
[Black "evbad"]
[Result "1-0"]
[WhiteElo "2520"]
[BlackElo "2145"]
[PlyCount "63"]

1. d4 Nf6 2. c4 g6 3. Nc3 Bg7 4. e4 d6 5. f3 O-O 6. Be3 c5 7. dxc5 dxc5 8. Bxc5
Nc6 9. Bd3 b6 10. Ba3 e6 11. Bxf8 Qxf8 12. f4 Bb7 13. e5 Nd7 14. Bxg6 hxg6 15.
Qxd7 Na5 16. Nf3 Rd8 17. Qc7 Rc8 18. Qd6 Qxd6 19. exd6 Nxc4 20. d7 Rd8 21. O-O
Rxd7 22. Rfd1 Rxd1+ 23. Rxd1 Nxb2 24. Rd8+ Bf8 25. Ne5 Bd5 26. Nd7 Kg7 27. Rxf8
Na4 28. Nxa4 b5 29. Nc3 Kh6 30. Rxf7 Kh5 31. Nf6+ Kh6 32. Rh7# 1-0

[Event "ICS rated blitz match"]
[Site "204.178.125.65"]
[Date "1999.12.19"]
[Round "?"]
[White "Hossa"]
[Black "DrHugoELO"]
[Result "1-0"]
[WhiteElo "2391"]
[BlackElo "2147"]
[PlyCount "83"]

1. d4 Nf6 2. c4 c5 3. d5 b5 4. cxb5 a6 5. b6 Qxb6 6. Nc3 Bb7 7. Nf3 e6 8. e4
exd5 9. exd5 Bd6 10. Qe2+ Kd8 11. Ng5 Rf8 12. Qc4 h6 13. Nge4 Nxe4 14. Nxe4 Re8
15. Be2 f5 16. Nc3 Qb4 17. O-O Qxc4 18. Bxc4 Be5 19. Be3 d6 20. Rae1 Nd7 21.
Na4 Kc7 22. Bd2 Rac8 23. b3 Kb8 24. Bd3 g6 25. Bc4 Ka7 26. Ba5 Nf6 27. Nb6 Rb8
28. Re3 Bd4 29. Rg3 Rg8 30. Rd3 Rge8 31. Rh3 Rh8 32. Rd1 Ba8 33. Nxa8 Rxa8 34.
Re1 Rae8 35. Rxe8 Nxe8 36. b4 Nf6 37. bxc5 Bxc5 38. Bc3 Re8 39. Bxf6 Re1+ 40.
Bf1 h5 41. Rg3 Ra1 42. Bxa1 1-0

[Event "ICS rated blitz match"]
[Site "204.178.125.65"]
[Date "1999.12.19"]
[Round "?"]
[White "DrHugoELO"]
[Black "Hossa"]
[Result "0-1"]
[WhiteElo "2141"]
[BlackElo "2397"]
[PlyCount "128"]

1. Nf3 d5 2. g3 Nf6 3. Bg2 e6 4. d3 Nc6 5. O-O e5 6. Nbd2 Bd6 7. Re1 Bg4 8. c3
Qd7 9. a4 O-O-O 10. a5 a6 11. b4 Bh3 12. Bh1 Kb8 13. Ng5 Bf5 14. e4 dxe4 15.
dxe4 Bg6 16. Qb3 h6 17. Ngf3 Na7 18. c4 c6 19. Bb2 Rhe8 20. Rad1 Qh3 21. Bg2
Qe6 22. Nf1 Bxe4 23. Nxe5 Bxe5 24. Rxd8+ Rxd8 25. Bxe5+ Qxe5 26. Qe3 Rd4 27. f3
Rxc4 28. Nd2 Rxb4 29. fxe4 Qd4 30. e5 Nd5 31. Qxd4 Rxd4 32. Nf3 Ra4 33. Nh4
Rxa5 34. Nf5 b6 35. Nxg7 Nc7 36. Bh3 Ra2 37. Nf5 h5 38. Nd6 Nab5 39. Nxf7 Nd4
40. Bg2 Rd2 41. e6 Ncxe6 42. Bxc6 Nxc6 43. Rxe6 Rd1+ 44. Kg2 Kb7 45. Kh3 Kc7
46. Kh4 Rf1 47. Ng5 Rf2 48. Re3 Rxh2+ 49. Nh3 Nd4 50. g4 hxg4 51. Kxg4 Re2 52.
Rd3 Re4+ 53. Nf4 Kb7 54. Kg5 a5 55. Nd5 Re5+ 56. Kf6 Rxd5 57. Ke7 Nc6+ 58. Kf6
Rxd3 59. Ke6 Re3+ 60. Kf6 Nd4 61. Kf7 Rf3+ 62. Ke7 Kc7 63. Ke8 Kd6 64. Kd8 Rf8#
0-1

[Event "ICS rated blitz match"]
[Site "204.178.125.65"]
[Date "1999.12.19"]
[Round "?"]
[White "Hossa"]
[Black "DrHugoELO"]
[Result "1-0"]
[WhiteElo "2403"]
[BlackElo "2135"]
[PlyCount "41"]

1. d4 c5 2. d5 e5 3. c4 d6 4. e4 Be7 5. Nc3 Nf6 6. Nf3 O-O 7. Be2 Ne8 8. Qb3 g6
9. Bh6 Ng7 10. h4 f5 11. h5 g5 12. exf5 Rxf5 13. Bd3 Rf4 14. Ne2 Rg4 15. Ng3
Na6 16. Qc2 e4 17. Bxe4 Nb4 18. Bxh7+ Kh8 19. Bxg7+ Kxg7 20. Qg6+ Kf8 21. Qg8#
1-0

[Event "ICS rated blitz match"]
[Site "204.178.125.65"]
[Date "1999.12.19"]
[Round "?"]
[White "DrHugoELO"]
[Black "Hossa"]
[Result "0-1"]
[WhiteElo "2129"]
[BlackElo "2409"]
[PlyCount "40"]

1. d4 Nf6 2. Nc3 d5 3. Bg5 Nbd7 4. Nf3 e6 5. e4 Be7 6. e5 Ng8 7. Bd2 c5 8. Bb5
a6 9. Bxd7+ Bxd7 10. Qe2 Qb6 11. dxc5 Qxb2 12. Rb1 Qxc2 13. Nd4 Qg6 14. Rxb7
Qxg2 15. Rf1 Bc8 16. Rc7 Bd8 17. Rxc8 Rxc8 18. Qxa6 Ne7 19. Nxe6 fxe6 20. Qxe6
Rc6 0-1

[Event "ICS rated blitz match"]
[Site "204.178.125.65"]
[Date "1999.12.19"]
[Round "?"]
[White "Hossa"]
[Black "DrHugoELO"]
[Result "1-0"]
[WhiteElo "2414"]
[BlackElo "2124"]
[PlyCount "65"]

1. d4 Nf6 2. c4 c5 3. d5 b5 4. cxb5 a6 5. b6 Qxb6 6. Nc3 Bb7 7. Nf3 e6 8. e4
exd5 9. exd5 Bd6 10. Qe2+ Kd8 11. Ng5 Rf8 12. Qc4 h6 13. Nge4 Nxe4 14. Nxe4 Re8
15. Be2 Be5 16. Nxc5 d6 17. Nxb7+ Qxb7 18. O-O Nd7 19. Re1 Nc5 20. Rb1 a5 21.
b4 axb4 22. Rxb4 Qa6 23. f4 Qxc4 24. Rxc4 Bf6 25. Kf1 Rxa2 26. Bf3 Nd3 27.
Rxe8+ Kxe8 28. Be3 Ra1+ 29. Ke2 Nb2 30. Rc8+ Kd7 31. Bg4+ Ke7 32. Bb6 Ra2 33.
Bd8+ 1-0

[Event "ICS rated blitz match"]
[Site "204.178.125.65"]
[Date "1999.12.19"]
[Round "?"]
[White "DrHugoELO"]
[Black "Hossa"]
[Result "0-1"]
[WhiteElo "2119"]
[BlackElo "2419"]
[PlyCount "88"]

1. Nf3 d5 2. g3 Nf6 3. Bg2 e6 4. d3 Nc6 5. O-O e5 6. c4 dxc4 7. dxc4 Be6 8. b3
Bc5 9. Bb2 Nd7 10. Nc3 f5 11. h4 h6 12. e3 O-O 13. Nd5 Rc8 14. a3 Re8 15. Qc2
e4 16. Nh2 Nce5 17. b4 Bd6 18. Rad1 Nd3 19. Rxd3 exd3 20. Qxd3 c6 21. Nf4 Bxf4
22. gxf4 Qxh4 23. Nf3 Qg4 24. Rd1 Rcd8 25. Qc2 Nb6 26. Rxd8 Rxd8 27. Ne5 Qd1+
28. Qxd1 Rxd1+ 29. Kh2 Nxc4 30. Nxc4 Bxc4 31. Bd4 a6 32. Bh3 g6 33. Kg3 Rb1 34.
Bg2 Rb3 35. Kh4 Rxa3 36. e4 Rb3 37. Bc5 fxe4 38. Bxe4 Be6 39. f3 Kf7 40. Kg3
Rb2 41. Kh4 Bf5 42. Bxf5 gxf5 43. Kg3 Rb1 44. Bd6 b6 0-1

[Event "ICS rated blitz match"]
[Site "204.178.125.65"]
[Date "1999.12.19"]
[Round "?"]
[White "darthweber"]
[Black "Hossa"]
[Result "0-1"]
[WhiteElo "2177"]
[BlackElo "2443"]
[PlyCount "76"]

1. Nf3 d5 2. g3 Nf6 3. Bg2 e6 4. O-O Be7 5. d3 O-O 6. Nbd2 c5 7. e4 Nc6 8. e5
Nd7 9. Re1 f6 10. exf6 Bxf6 11. c3 e5 12. a3 g5 13. h3 a6 14. c4 dxc4 15. Nxc4
Qe7 16. Ne3 Qg7 17. Nd5 Bd8 18. Be3 Qf7 19. Nd2 Nd4 20. Nc4 Nf5 21. Qd2 Qg7 22.
a4 Nd4 23. Bxd4 exd4 24. Re2 Nf6 25. Rae1 Nxd5 26. Bxd5+ Kh8 27. Re8 Bd7 28.
Rxf8+ Qxf8 29. Ne5 Be8 30. Bxb7 Rb8 31. Bxa6 Ra8 32. Bb5 Ba5 33. Qe2 Bxe1 34.
Qxe1 Bxb5 35. axb5 Re8 36. Qe4 Qg7 37. b6 Qxe5 38. Qc6 Rf8 0-1

[Event "ICS rated blitz match"]
[Site "204.178.125.65"]
[Date "1999.12.19"]
[Round "?"]
[White "Hossa"]
[Black "darthweber"]
[Result "1-0"]
[WhiteElo "2449"]
[BlackElo "2171"]
[PlyCount "43"]

1. d4 Nf6 2. c4 g6 3. Nc3 Bg7 4. e4 d6 5. f3 O-O 6. Be3 a6 7. Bd3 c5 8. dxc5
dxc5 9. Bxc5 Nc6 10. Ba3 a5 11. Nd5 Re8 12. Ne2 e6 13. Nxf6+ Bxf6 14. f4 Nb4
15. Bxb4 axb4 16. e5 Bg7 17. h4 f6 18. h5 g5 19. Qc2 fxe5 20. Bxh7+ Kh8 21. Rd1
Qb6 22. h6 1-0

[Event "ICS Rated blitz match"]
[Site "204.178.125.65"]
[Date "1999.12.19"]
[Round "?"]
[White "Hossa"]
[Black "DrHugoELO"]
[Result "1-0"]
[WhiteElo "2430"]
[BlackElo "2120"]
[PlyCount "63"]

1. d4 c5 2. d5 e5 3. c4 d6 4. e4 Be7 5. Nc3 Nf6 6. Nf3 O-O 7. Be2 Ne8 8. Qb3
Na6 9. Be3 Nac7 10. O-O a6 11. Nd2 Bf6 12. f4 g6 13. fxe5 Bxe5 14. Nf3 Bg7 15.
e5 dxe5 16. Bxc5 Nd6 17. Qb6 e4 18. Nd2 Qg5 19. Ndxe4 Nxe4 20. Nxe4 Qe5 21.
Bxf8 Bxf8 22. Bd3 Bf5 23. Nf6+ Kg7 24. Bxf5 gxf5 25. Nh5+ Kg8 26. Rae1 Qd6 27.
Qxb7 Rd8 28. Kh1 Qc5 29. b3 Ne8 30. Rxe8 Rxe8 31. Nf6+ Kh8 32. Qxf7 1-0

[Event "ICS rated blitz match"]
[Site "204.178.125.65"]
[Date "1999.12.19"]
[Round "?"]
[White "Christmas2000"]
[Black "Hossa"]
[Result "1-0"]
[WhiteElo "2435"]
[BlackElo "2435"]
[PlyCount "151"]

1. d4 Nf6 2. c4 e6 3. Nf3 d5 4. Nc3 Be7 5. Bg5 O-O 6. e3 Nbd7 7. Rc1 h6 8. Bh4
a6 9. cxd5 exd5 10. Bd3 c6 11. Qc2 Re8 12. O-O b6 13. Na4 Bb7 14. Bxf6 Nxf6 15.
Qb3 b5 16. Nc5 Bc8 17. Ne5 Qc7 18. Qc2 Bd6 19. f4 Bxc5 20. Qxc5 Bd7 21. Rfe1
Rac8 22. b4 Qd8 23. a3 Qe7 24. Qxe7 Rxe7 25. Rc5 h5 26. a4 Rce8 27. Ra1 Bc8 28.
Rxc6 Bb7 29. Rc5 bxa4 30. Rxa4 Ra8 31. Kf2 Ne8 32. Nc6 Rd7 33. Kg3 Rd6 34. Ne5
Rb6 35. Kh4 f6 36. Ng6 Kf7 37. Kxh5 Ke6 38. Bc2 Kd7 39. Bb3 Nc7 40. Ne7 Kxe7
41. Rxc7+ Kd6 42. Rxg7 Bc6 43. Ra3 Rxb4 44. Kg6 Rh8 45. h3 a5 46. Kxf6 a4 47.
Bd1 Bd7 48. Kg5 Ra8 49. g4 Be8 50. h4 Rb1 51. Bc2 Rc1 52. Bf5 Bc6 53. h5 Re8
54. h6 Rd8 55. h7 Rh1 56. Rg6+ Kc7 57. Rg8 Re8 58. Rc3 Re7 59. Rc8+ Kb7 60.
R8xc6 Rhxh7 61. Bxh7 Rxh7 62. R6c5 Rd7 63. Kf6 Rd8 64. g5 Kb6 65. f5 Kb7 66. g6
Rf8+ 67. Ke6 Ra8 68. f6 Ra6+ 69. Ke7 Ra8 70. f7 Ka6 71. Rc8 Rxc8 72. Rxc8 Kb5
73. f8=Q a3 74. Rc7 Ka5 75. Qb8 Ka6 76. Ra7# 1-0

[Event "ICS rated blitz match"]
[Site "204.178.125.65"]
[Date "1999.12.19"]
[Round "?"]
[White "Hossa"]
[Black "osuruk"]
[Result "1-0"]
[WhiteElo "2428"]
[BlackElo "2273"]
[PlyCount "99"]

1. d4 Nf6 2. c4 e6 3. Nf3 b6 4. g3 Ba6 5. b3 Bb4+ 6. Bd2 Be7 7. Bg2 c6 8. O-O
d5 9. Ne5 O-O 10. cxd5 exd5 11. Nc3 Nfd7 12. Nf3 Re8 13. Re1 Nf6 14. e4 dxe4
15. Nxe4 Nxe4 16. Rxe4 Nd7 17. Qc2 Nf6 18. Rh4 Rc8 19. Ne5 c5 20. d5 h6 21. Nc6
Qd7 22. Ra4 Bb7 23. Rxa7 Bd8 24. Qc4 Ra8 25. Rxa8 Bxa8 26. Rd1 Bc7 27. a4 Qf5
28. Bc1 Ne4 29. Qe2 Qg6 30. Re1 Bxc6 31. Bxe4 f5 32. Qc4 Kh8 33. dxc6 fxe4 34.
Bb2 Qxc6 35. Qf7 Be5 36. Bxe5 Rxe5 37. Rd1 Qe6 38. Qxe6 Rxe6 39. Re1 Kh7 40. h3
g5 41. g4 Kg6 42. Kg2 Kf6 43. Ra1 Ke5 44. a5 Kf4 45. a6 Re8 46. Ra3 Ra8 47. a7
b5 48. Ra5 c4 49. bxc4 bxc4 50. Rf5# 1-0

[Event "ICS rated blitz match"]
[Site "204.178.125.65"]
[Date "1999.12.19"]
[Round "?"]
[White "osuruk"]
[Black "Hossa"]
[Result "1-0"]
[WhiteElo "2264"]
[BlackElo "2437"]
[PlyCount "97"]

1. e4 e5 2. Nf3 Nf6 3. Nxe5 d6 4. Nf3 Nxe4 5. d4 Bg4 6. Bd3 Nf6 7. O-O Be7 8.
Nbd2 O-O 9. Re1 d5 10. h3 Bh5 11. g4 Bg6 12. Bxg6 hxg6 13. c4 Re8 14. Qb3 b6
15. Ne5 Bd6 16. Ndf3 c5 17. dxc5 Bxe5 18. Rxe5 Rxe5 19. Nxe5 Qc7 20. Bf4 Nbd7
21. Nxd7 Qxd7 22. cxd5 Nxd5 23. Rd1 Rd8 24. cxb6 axb6 25. Bg5 f6 26. Be3 Qc6
27. Bxb6 Rd7 28. Be3 Rd8 29. a3 g5 30. a4 Qe6 31. Qd3 Rd7 32. b4 Kf8 33. a5 Kg8
34. a6 Nb6 35. Qe2 Rc7 36. Qb5 Nc4 37. Qb8+ Kh7 38. Qxc7 Nxe3 39. Rd7 Kh6 40.
Qd8 Nxg4 41. Re7 Qc6 42. Qh8+ Kg6 43. hxg4 Qc1+ 44. Kg2 Qc6+ 45. f3 Qc2+ 46.
Kh3 Qg2+ 47. Kxg2 f5 48. Qh5+ Kf6 49. Qf7# 1-0

[Event "ICS rated blitz match"]
[Site "204.178.125.65"]
[Date "1999.12.19"]
[Round "?"]
[White "Hossa"]
[Black "Beadle"]
[Result "0-1"]
[WhiteElo "2414"]
[BlackElo "2603"]
[PlyCount "126"]

1. d4 Nf6 2. c4 e6 3. Nf3 b6 4. g3 Bb7 5. Bg2 Be7 6. O-O O-O 7. Nc3 Bb4 8. Bg5
Bxc3 9. bxc3 d6 10. Qb3 Nbd7 11. Rae1 Qe7 12. e4 h6 13. Bxf6 Nxf6 14. Nd2 Qd7
15. f4 a5 16. Re2 a4 17. Qc2 Ra5 18. Qd3 e5 19. fxe5 dxe5 20. Rff2 Re8 21. Re1
Bc8 22. Rff1 Qe7 23. Nf3 Rd8 24. Qc2 exd4 25. cxd4 Qa3 26. e5 Ng4 27. Qd2 Ba6
28. Bh3 h5 29. Qg5 Re8 30. Qxh5 Nh6 31. Ng5 Bxc4 32. Rf2 Qc3 33. Rd1 Qe3 34.
Bf1 Bd5 35. Rdd2 a3 36. Rd3 Qc1 37. Rd1 Qe3 38. Rdd2 c5 39. Rd3 Qc1 40. Rd1 Qc3
41. Bd3 cxd4 42. Rc2 Qb4 43. Re2 Rc5 44. Rf1 Qc3 45. e6 Bxe6 46. Bh7+ Kh8 47.
Bf5 Qc4 48. Bxe6 Rxe6 49. Nxf7+ Kh7 50. Ne5 Qd5 51. Rf5 Rc1+ 52. Rf1 Rxf1+ 53.
Kxf1 d3 54. Re3 Qh1+ 55. Kf2 d2 56. Nd7 Qe1+ 57. Rxe1 dxe1=Q+ 58. Kg2 Re2+ 59.
Qxe2 Qxe2+ 60. Kg1 Ng4 61. Nf8+ Kg8 62. Ne6 Qxh2+ 63. Kf1 Qf2# 0-1

[Event "ICS rated blitz match"]
[Site "204.178.125.65"]
[Date "1999.12.19"]
[Round "?"]
[White "osuruk"]
[Black "Hossa"]
[Result "0-1"]
[WhiteElo "2314"]
[BlackElo "2406"]
[PlyCount "76"]

1. d4 Nf6 2. Nf3 c5 3. d5 e6 4. Nc3 exd5 5. Nxd5 Nc6 6. Bg5 Be7 7. Nxe7 Qxe7 8.
e3 h6 9. Bf4 d5 10. Bb5 a6 11. Bxc6+ bxc6 12. h3 O-O 13. O-O Bf5 14. c3 Qe6 15.
Qa4 Bd3 16. Rfe1 Rae8 17. Rad1 Bb5 18. Qc2 Nh5 19. Bh2 a5 20. a4 Ba6 21. Ne5
Ra8 22. g4 Nf6 23. Qf5 Qe8 24. Rd2 Ne4 25. Red1 Nxd2 26. Rxd2 Bc8 27. Qf4 Ra7
28. Nf3 Rb7 29. h4 f5 30. g5 Qe4 31. Ne5 Qb1+ 32. Kg2 Qc1 33. e4 fxe4 34. Qe3
hxg5 35. hxg5 Rb3 36. Nxc6 Rf3 37. Ne7+ Kf7 38. Qxc5 Bh3# 0-1